00658nam a2200181Ia 4500008004100000020001800041082002400059100002100083245007100104250001100175260002800186300001000214440004400224650004600268700003200314952011300346999001700459120622s9999 xx 000 0 und d a84-7600-093-6 a302.2014 B246a 2002 aBardin, Laurence aEl análisis de contenido / Laurence Bardin ; tr. de Cesar Suarez a3a. ed aMadrid : Ediciones Akal a183 p aAkal universitaria : Comunicación, 89 a1. ANALISIS DE CONTENIDO (COMUNICACIÓN) aI. Suarez, César ; tr.Ì 00104070a01b01d2008-09-05l1o302.2014 B246A 2002p01 011473r2013-03-15s2013-03-15t1w2012-06-24yLB c60583d60583